Top U.S. States by Longest Voting Streaks - Statistics

General Stats
  • This quiz has been taken 379 times
    147 since last reset
  • The average score is 11 of 16
Answer Stats
Years # State % Correct
1876 - 1944 18 Alabama
89%
1876 - 1944 18 Mississippi
86%
1968 - 2024 15 South Dakota
77%
1968 - 2024 15 North Dakota
75%
1968 - 2024 15 Oklahoma
74%
1868 - 1960 24 Georgia
73%
1876 - 1964 23 Arkansas
72%
1968 - 2024 15 Kansas
71%
1880 - 1944 17 South Carolina
71%
1968 - 2024 15 Idaho
70%
1880 - 1944 17 Louisiana
68%
1968 - 2024 15 Nebraska
67%
1968 - 2024 15 Wyoming
67%
1968 - 2024 15 Utah
60%
1968 - 2024 15 Alaska
58%
1856 - 1960 27 Vermont
50%
No matching quizzes found
Score Distribution
Percent of People with Each Score
Percentile by Number Answered
Your Score History
You have not taken this quiz since the last reset